00983cam a2200289 a 450000100090000000300050000900500170001400800410003101000170007202000180008903500230010704000180013004300120014805000250016008200170018510000310020224500270023326000300026030000210029065000550031165000500036665100300041665500280044665500290047485600990050385600910060212357507Nust20170227103859.0000411s2001 enk 000 1 eng  a 2001339329 a9780099410645 a(UkLWHE)b000058482 aDLCcDLCdDLC ae-ur-ru00aPR6060.A453bV3 200100a823.914bJAM1 aJames, Donald,d1931-2008.10aVadim /cDonald James. aLondon :bCentury,c2001. a502 p. ;c24 cm. 0aVadim, Constantin (Fictitious character)vFiction. 0aPolicezRussia (Federation)zMoscowvFiction. 0aMoscow (Russia)vFiction. 7aMystery fiction.2gsafd 7aPolitical fiction.2lcsh423Contributor biographical informationuhttp://www.loc.gov/catdir/bios/random053/2001339329.html423Publisher descriptionuhttp://www.loc.gov/catdir/description/random045/2001339329.html